| 000 | 00455cam a2200193ua 4500 | ||
|---|---|---|---|
| 001 | 4369 | ||
| 005 | 20260515113824.0 | ||
| 008 | 111226n ii |||gr||||Z||||||asm | ||
| 040 | _cMAIN | ||
| 082 | _a294.592 | ||
| 100 | _aSarma, Tirtha Nath, | ||
| 245 | 1 | 1 |
_aBhaktibad _cby Tirtha nath Sarma |
| 250 | _a3rd. | ||
| 260 |
_aGuwahati: _bPublication board assam,995. |
||
| 300 |
_a130p: _c23cm. |
||
| 653 | _aAssamese | ||
| 653 | _aBhaktibad | ||
| 942 | _cBK | ||
| 999 |
_c4179 _d4179 |
||